00601nam a2200181Ia 4500003000400000008004100004040001600045082002200061100003900083245005800122700003000180260005700210300000700267490007700274650003000351650001900381650001900400GCL140319s9999 xx 000 0 ara d aGCL / cGCL04aطb910.91bم ر1 aمحمد حمزة السعداوى10aالقاهرة / cمحمد حمزة السعداوى1 aعادل البطراوى a[S.N] : bدار الكتاب المصرى ، c1992 a16 aرحلات عصفور و عصفورة فى كل بلاد الدنياv004aالعالم العربى04aالاطفال04aالرحلات